| 000 | 00704nam a2200253 a 4500 | ||
|---|---|---|---|
| 003 | AR-BaBNM | ||
| 005 | 20251128205304.0 | ||
| 008 | 082120s2002 ||||||||||||||000 | spa|| | ||
| 040 | _cAR-BaBNM | ||
| 245 | 0 | 0 | _aConstitución de la provincia de Córdoba |
| 260 |
_aBuenos Aires _bSainte Claire _c1988 |
||
| 300 | _a72 p. | ||
| 490 | 0 |
_aBiblioteca de constituciones argentinas _vv. 4 |
|
| 650 | 4 | _aCONSTITUCIONES | |
| 650 | 4 | _aDERECHO CONSTITUCIONAL | |
| 650 | 4 | _aESTADO | |
| 650 | 4 | _aSISTEMAS POLITICOS | |
| 650 | 4 | _aHISTORIA CONSTITUCIONAL | |
| 650 | 4 | _aHISTORIA CORDOBESA | |
| 650 | 4 | _aHISTORIA DEL DERECHO | |
| 650 | 4 | _aHISTORIA PROVINCIAL ARGENTINA | |
| 942 | _cBK | ||
| 998 | _cmariana | ||
| 999 |
_c10755 _d10755 |
||